Counseling the hard cases : (Record no. 20020)
[ view plain ]
| 000 -LEADER | |
|---|---|
| fixed length control field | 01758cam a22002897a 4500 |
| 001 - CONTROL NUMBER | |
| control field | 17399000 |
| 003 - CONTROL NUMBER IDENTIFIER | |
| control field | OSt |
| 005 - DATE AND TIME OF LATEST TRANSACTION | |
| control field | 20230306121143.0 |
| 008 - FIXED-LENGTH DATA ELEMENTS--GENERAL INFORMATION | |
| fixed length control field | 120724s2012 tnu b 001 0 eng d |
| 010 ## - LIBRARY OF CONGRESS CONTROL NUMBER | |
| LC control number | 2011279158 |
| 020 ## - INTERNATIONAL STANDARD BOOK NUMBER | |
| International Standard Book Number | 9781433672224 |
| 035 ## - SYSTEM CONTROL NUMBER | |
| System control number | (OCoLC)ocn757475252 |
| 040 ## - CATALOGING SOURCE | |
| Original cataloging agency | BTCTA |
| Language of cataloging | eng |
| Transcribing agency | BTCTA |
| Modifying agency | BDX |
| -- | KTS |
| -- | DLC |
| 042 ## - AUTHENTICATION CODE | |
| Authentication code | lccopycat |
| 050 00 - LIBRARY OF CONGRESS CALL NUMBER | |
| Classification number | BV4012.2 |
| Item number | .C68 2012 |
| 245 00 - TITLE STATEMENT | |
| Title | Counseling the hard cases : |
| Remainder of title | true stories illustrating the sufficiency of God's resources in Scripture / |
| Statement of responsibility, etc. | Stuart Scott and Heath Lambert, editors ; foreword by John MacArthur. |
| 260 ## - PUBLICATION, DISTRIBUTION, ETC. (IMPRINT) | |
| Place of publication, distribution, etc. | Nashville, Tenn. : |
| Name of publisher, distributor, etc. | B & H Academic |
| Date of publication, distribution, etc. | 2012. |
| 300 ## - PHYSICAL DESCRIPTION | |
| Extent | xv, 318 p. ; |
| Dimensions | 24 cm. |
| 504 ## - BIBLIOGRAPHY, ETC. NOTE | |
| Bibliography, etc | Includes bibliographical references and indexes. |
| 505 00 - FORMATTED CONTENTS NOTE | |
| Miscellaneous information | Introduction: |
| Title | The sufficiency of Scripture, the biblical counseling movement, and the purpose of this book / |
| Statement of responsibility | Heath Lambert -- |
| Title | "Mariana" and surviving sexual abuse / |
| Statement of responsibility | Laura Hendrickson -- |
| Title | "Brian" and obsessive-compulsive disorder / |
| Statement of responsibility | Steve Viars -- |
| Title | "Sarah" and postpartum depression / |
| Statement of responsibility | Heath Lambert -- |
| Title | "Mary" and paralyzing fear / |
| Statement of responsibility | Dan Wickert -- |
| Title | "Ashley" and anorexia / |
| Statement of responsibility | Martha Peace -- |
| Title | "Tony" and bipolar disorder / |
| Statement of responsibility | Garrett Higbee -- |
| Title | "Jackie" and dissociative identity disorder / |
| Statement of responsibility | Stuart Scott -- |
| Title | "Jason" and homosexuality / |
| Statement of responsibility | Kevin Carson -- |
| Title | "Julie" and addictions and adultery / |
| Statement of responsibility | Robert D. Jones -- |
| Title | "Jennifer" and an apparent hard case / |
| Statement of responsibility | John Babler -- |
| Title | Concluding reflections / |
| Statement of responsibility | Heath Lambert, |
| -- | Stuart Scott. |
| 650 #0 - SUBJECT ADDED ENTRY--TOPICAL TERM | |
| Topical term or geographic name as entry element | Pastoral counseling. |
| 700 1# - ADDED ENTRY--PERSONAL NAME | |
| Personal name | Scott, Stuart, |
| Dates associated with a name | 1955- |
| 700 1# - ADDED ENTRY--PERSONAL NAME | |
| Personal name | Lambert, Heath, |
| Dates associated with a name | 1979- |
| 906 ## - LOCAL DATA ELEMENT F, LDF (RLIN) | |
| a | 7 |
| b | cbc |
| c | copycat |
| d | 2 |
| e | ncip |
| f | 20 |
| g | y-gencatlg |
| 942 ## - ADDED ENTRY ELEMENTS (KOHA) | |
| Source of classification or shelving scheme | Library of Congress Classification |
| Koha item type | General Collection |
| Withdrawn status | Lost status | Source of classification or shelving scheme | Not for loan | Home library | Current library | Date acquired | Cost, normal purchase price | Total Checkouts | Full call number | Barcode | Date last seen | Price effective from | Koha item type |
|---|---|---|---|---|---|---|---|---|---|---|---|---|---|
| Library of Congress Classification | Kabarak, Main Campus | Kabarak, Main Campus | 06/03/2023 | 4323.00 | BV4012.2 .C68 2012 c.1 | 34968 | 06/03/2023 | 06/03/2023 | General Collection |